Liczby 1-10 po angielsku - Statystyki

Ogólne statystyki
  • Ten quiz został rozwiązany 67 razy
  • Średni wynik to 10 z 10
Statystyki odpowiedzi
Polski Angielski % Poprawnych
Cztery Four
100%
Jeden One
100%
Dwa Two
100%
Osiem Eight
98%
Siedem Seven
98%
Sześć Six
98%
Dziesięć Ten
98%
Trzy Three
98%
Pięć Five
97%
Dziewięć Nine
97%
Nie znaleziono quizów pasujących do podanych kryteriów
Rozkład punktacji
Procent ludzi z każdym wynikiem
Percentyl według liczby udzielonych odpowiedzi
Twoja historia wyników
Nie rozwiązałeś tego quizu